[Event "Bijnor op"]
[Site "Bijnor"]
[Date "2023.12.03"]
[Round "7"]
[White "Abhibhav, Kumar"]
[Black "Sananda, R."]
[Result "1/2-1/2"]
[WhiteElo "1127"]
[BlackElo "1365"]
[PlyCount "61"]
[EventDate "2023.11.30"]
[EventType "swiss"]
[EventRounds "7"]
[EventCountry "IND"]
[SourceTitle "CB50_2023"]
[SourceDate "2023.12.13"]
[SourceVersion "1"]
[SourceVersionDate "2023.12.13"]
[SourceQuality "1"]

1. e4 e5 2. Nf3 Nc6 3. Bc4 Bc5 4. Nc3 d6 5. d3 h6 6. Be3 Bb6 7. h3 Nf6 8. Qd2 Be6 9. Bb3 Nd4 10. Bxd4 exd4 11. Ne2 c5 12. Nf4 Ba5 13. c3 Bxb3 14. axb3 0-0 15. Nh4 Re8 16. 0-0 dxc3 17. bxc3 Bc7 18. Nf3 d5 19. Nxd5 Nxd5 20. exd5 Qxd5 21. d4 cxd4 22. Qxd4 Qxb3 23. Rxa7 Rxa7 24. Qxa7 Bb6 25. Qa1 Re2 26. Nd4 Bxd4 27. cxd4 Ra2 28. Qb1 Qxb1 29. Rxb1 Rd2 30. Rxb7 Rxd4 31. Kh2 1/2-1/2